| 000 | 01173nam a2200229Ia 4500 | ||
|---|---|---|---|
| 003 | Ost | ||
| 005 | 20260507074856.0 | ||
| 008 | 260507s9999||||xx |||||||||||||| ||und|| | ||
| 040 | _cfsecg | ||
| 041 | _aara | ||
| 082 | _a350.15 | ||
| 100 |
_aالطعاني، حسن احمد _eمؤلف |
||
| 245 | 0 |
_aالتدريب الإداري المعاصر / _c حسن احمد الطعاني |
|
| 260 |
_aعمان: _bدار المسيرة للنشر و التوزيع, _c2007 |
||
| 300 |
_a256 صفحة؛ _bإيضاحات ؛ _c25 سم |
||
| 504 | _aبيبليوغرافيا: ص.256 | ||
| 520 | _aيضم مبادئ أساسية في التدريب الإداري، أساليب التدريب الاداري الحديث، كفايات المدرب، مكونات العملية التدريبية وفق منحنى النظم، طرق تحديد الاحتياجات التدريبية، الحقيبة التدريبية، تصميم البرامج التدريبية، تقويم العملية التدريبية | ||
| 653 | _aالتدريب الاداري | ||
| 653 | _aالتوجيه الاداري | ||
| 653 | _aالدورات التدريبية | ||
| 942 | _cكتاب | ||
| 999 |
_c41612 _d41612 |
||